Statistiques concernant Paroles : Maîtresse - Images

Cliquez ici pour prendre le quiz!

Statistiques générales

  • Ce quiz a été pris 102 fois
    (93 depuis la dernière actualisation)
  • Le résultat moyen est 144 sur 204

Statistiques - réponses

Paroles% Correct
ma
100%
Maîtresse
99%
à
99%
pas
99%
maîtresse
99%
Ne
96%
ne
96%
touche
96%
mes
96%
oh
94%
tresses
91%
Je
91%
Mais
91%
je
91%
En
88%
Par
86%
bien
83%
travailler
80%
veux
80%
particulier
80%
le
80%
cours
79%
la
76%
la...
76%
de
75%
les
71%
Elle
66%
elle
66%
Dès
64%
des
64%
dans
63%
Tous
61%
jours
59%
Ça
58%
mon
56%
sur
55%
l'école
55%
Et
54%
ses
54%
quand
53%
Quand
53%
amour
53%
tout
51%
pour
50%
d'une
46%
retourne
45%
fait
45%
créole
41%
qu'elle
41%
particuliers
40%
craie
40%
Avec
40%
j'ai
40%
tableau
39%
bureau
38%
lui
38%
devoirs
35%
jambes
34%
nuit
34%
rien
33%
lit
33%
leçons
30%
vient
29%
soir
28%
chaque
26%
faire
25%
refuser
25%
n'peux
24%
passe
24%
finir
23%
sens
23%
appris
23%
étincelles
21%
casse
20%
non
20%
Non
20%
dois
20%
plaire
20%
chaleur
20%
change
19%
monter
19%
j'veux
14%
changer
11%
Coucou
8%
cœur
0%

Distribution des résultats

Percentile par nombre de réponses

% des personnes avec chaque résultat

Votre développement - résultats

Vous n’avez pas pris ce quiz depuis la dernière actualisation